LIBRARY & INFORMATION CENTRE, KCAET, TAVANUR

ONLINE PUBLIC ACCESS CATALOGUE (OPAC)

Teaching of history / (Record no. 11541)

MARC details
000 -LEADER
fixed length control field 00356cam a2200145ua 4500
041 ## - LANGUAGE CODE
Language code of text/sound track or separate title eng
082 ## - DEWEY DECIMAL CLASSIFICATION NUMBER
Classification number 372.89
Item number GHA/TE
100 ## - MAIN ENTRY--AUTHOR NAME
Personal name Ghate, V D .
245 ## - TITLE STATEMENT
Title Teaching of history /
260 ## - PUBLICATION, DISTRIBUTION, ETC. (IMPRINT)
Place of publication London :
Name of publisher Oxford University Press ,
Year of publication 1964.
300 ## - PHYSICAL DESCRIPTION
Number of Pages 201 ; .
942 ## - ADDED ENTRY ELEMENTS (KOHA)
Koha item type Books
Holdings
Withdrawn status Lost status Damaged status Home library Current library Date acquired Full call number Accession Number Koha item type Cost, normal purchase price
Withdrawn     KAUAET KAUAET 16/11/2023 372.89 GHA/TE 10976 Books 3.25
Withdrawn     KAUAET Malayalam University 07/04/2012 372.89 10975 Books  
free website counter